[Event "Komercni Banka op"]
[Site "Pardubice"]
[Date "1996.??.??"]
[Round "6"]
[White "Miroshnichenko, Evgenij"]
[Black "Krapivin, Vladislav"]
[Result "1/2-1/2"]
[WhiteElo "2420"]
[BlackElo "2305"]

1.e4 c5 2.Nf3 d6 3.Bb5+ Bd7 4.Bxd7+ Qxd7 5.c4 Nc6 6.d4 cxd4 7.Nxd4 Nf6 8.Nc3 g6
9.f3 Bg7 10.Be3 O-O 11.O-O Rfc8 12.b3 Rab8 13.Rc1 a6 14.a4 Qd8 15.Qd2 Qa5
16.Rfd1 Qb4 17.Rb1 h5 18.Nc2 Qa5 19.Nd5 Qxd2 20.Rxd2 Nd7 21.Rbd1 Kf8 22.Nb6 Nxb6
23.Bxb6 Bc3 24.Rd5 Nb4 25.Nxb4 Bxb4 26.f4 Rc6 27.Ba7 Rbc8 28.Bf2 Ke8 29.f5 Bc5
30.fxg6 fxg6 31.Bxc5 dxc5 32.R1d3 b5 33.axb5 axb5 34.Rg3 bxc4 35.bxc4 Re6
36.e5 Ra6 37.h3 Kf7 38.Rd7 Ra4 39.Rc3 Ke6 40.Rb7 Rd8 41.Rc7 Rd1+ 42.Kh2 h4
43.Rc2 Raa1 44.g4 Rh1+ 45.Kg2 Raf1 46.Rxc5 Rhg1+ 47.Kh2 Rh1+ 48.Kg2 Rhg1+
49.Kh2 Rg3 50.Rc6+ Kf7 51.g5 Rff3 52.e6+ Kg7 53.Rc7 Rxh3+ 54.Kg1 Rfg3+ 55.Rg2 Rxg2+
56.Kxg2 Rg3+ 57.Kh2 Rxg5 58.Rxe7+ Kf6 59.Rh7 Kxe6 60.Rxh4  1/2-1/2

[Event "Komercni Banka op"]
[Site "Pardubice"]
[Date "1996.??.??"]
[Round "8"]
[White "Velicka, Petr"]
[Black "Schula, Michal"]
[Result "1/2-1/2"]
[WhiteElo "2430"]
[BlackElo "2280"]

1.e4 c5 2.Nf3 d6 3.Bb5+ Nc6 4.Bxc6+ bxc6 5.O-O e5 6.c3 Nf6 7.Re1 Bg4 8.h3 Bxf3
9.Qxf3 Be7 10.Na3 O-O 11.Nc2 Qb6 12.d3 Rfe8 13.Rb1 Rab8 14.Ne3 Qa6 15.Nc4 Nd7
16.a3 Nb6 17.b3 Nxc4 18.dxc4 Rb6 19.Qd3 Reb8 20.b4 h6 21.Be3 R6b7 22.Ra1 Qa4
23.Reb1 Kh7 24.f4 f6 25.f5 a5 26.Kh2 Kg8 27.Rd1 Kh7 28.Rdb1 Kg8 29.Rd1 Kh7
30.Bd2 Kg8 31.Rab1 Kh8 32.Be1 Kg8 33.Bd2 Kh8 34.Be1 Kg8 35.Rdc1 Kh8 36.Bd2 Kg8
37.Be1 Kh8 38.Kg1 Kg8 39.Kh1 Kh8 40.Kh2 Kg8 41.h4 Kh8 42.h5 Kg8 43.Bd2 Kh8
44.Rf1 Kh7 45.Rf3 Bf8 46.Rc1 Kh8 47.Re1 Kh7 48.bxc5 dxc5 49.Bc1 Be7 50.Rg3 Rd8
51.Qe2 Bf8 52.Qg4 Qxc4 53.Bxh6 Qf7 54.Be3 c4 55.a4 Rb3 56.Qg6+ Qxg6 57.Rxg6 Rd3
58.h6 Rbxc3 59.Bb6 Ra3 60.Bxa5 Rxa4 61.Rb1 Rb3 62.Rd1 Rd3 63.Rb1  1/2-1/2

[Event "Paris op"]
[Site "Paris"]
[Date "1996.??.??"]
[Round "2"]
[White "Kazhgaleyev, Murtas"]
[Black "Palac, Mladen"]
[Result "1/2-1/2"]
[WhiteElo "2490"]
[BlackElo "2545"]

1.e4 c5 2.Nf3 d6 3.Bb5+ Bd7 4.Bxd7+ Nxd7 5.O-O Ngf6 6.Qe2 e6 7.d4 cxd4 8.Nxd4 Be7
9.b3 O-O 10.Bb2 Rc8 11.c4 a6 12.Nc3 Qa5  1/2-1/2

[Event "Parnu-B"]
[Site "Parnu"]
[Date "1996.??.??"]
[Round "6"]
[White "Liiva, Riho"]
[Black "Rytshagov, Mikhail"]
[Result "1/2-1/2"]
[WhiteElo "2425"]
[BlackElo "2495"]

1.e4 c5 2.Nf3 d6 3.Bb5+ Bd7 4.Bxd7+ Nxd7 5.O-O Ngf6 6.Qe2 Rc8 7.b3 g6 8.Bb2 Bg7
9.d4 cxd4 10.Nxd4 Nc5 11.Nd2 O-O 12.c4 a6 13.Rfd1 e6 14.Rac1 Re8 15.b4 Ncd7
16.N4f3 Qe7 17.a3 d5  1/2-1/2

[Event "Parnu-B"]
[Site "Parnu"]
[Date "1996.??.??"]
[Round "7"]
[White "Kulaots, Kaido"]
[Black "Kveinys, Aloyzas"]
[Result "1/2-1/2"]
[WhiteElo "2400"]
[BlackElo "2500"]

1.e4 c5 2.Nf3 d6 3.Bb5+ Nd7 4.d4 Nf6 5.Nc3 cxd4 6.Qxd4 a6 7.Bxd7+ Bxd7 8.O-O e6
9.e5 dxe5 10.Nxe5 Qc7 11.Bf4 Qc5 12.Rad1 Qxd4 13.Rxd4 Bc5 14.Rd3 Bb5 15.Nxb5 axb5
16.Rb3 b4 17.Nd3 b6 18.Bd2 Rxa2 19.Bxb4 Bxb4 20.Rxb4 Nd7 21.Rc4 Ke7 22.Rd1 Rha8
23.f3 Ra1 24.Rxa1 Rxa1+ 25.Kf2 Rd1 26.Ke2 Rh1 27.h3 Rg1 28.Kf2 Rd1  1/2-1/2

[Event "ARG-ch"]
[Site "Pena City"]
[Date "1996.??.??"]
[Round "3"]
[White "Ricardi, Pablo"]
[Black "Fiorito, Fabian"]
[Result "1-0"]
[WhiteElo "2535"]
[BlackElo "2470"]

1.e4 c5 2.Nf3 d6 3.Bb5+ Nd7 4.O-O a6 5.Bxd7+ Bxd7 6.c3 Nf6 7.Re1 Qc7 8.d4 e5
9.Bg5 Be7 10.Nbd2 b5 11.Nf1 Bc6 12.b4 c4 13.Ng3 g6 14.Nd2 h6 15.Be3 h5 16.d5 Bd7
17.h3 h4 18.Ne2 g5 19.Bxg5 Nxd5 20.exd5 Bxg5 21.f4 Bf6 22.Ne4 Bg7 23.fxe5 Bxe5
24.Nd4 O-O-O 25.a4 bxa4 26.Kh1 Rhg8 27.Qf3 f5 28.Nxf5 Rdf8 29.Ne7+ Kd8 30.Qh5 Kxe7
31.Qxh4+ Ke8 32.Nf6+ Rxf6 33.Qxf6 Rf8 34.Qg5 Qb7 35.Rad1 a3 36.Rxe5+ dxe5
37.d6 Bf5 38.d7+ Bxd7 39.Qxe5+ Kd8 40.Qg5+ Kc7 41.Qc5+ Qc6 42.Qxf8 Bxh3 43.Qd8+ Kb7
44.Qd5  1-0

[Event "ARG-ch"]
[Site "Pena City"]
[Date "1996.??.??"]
[Round "9"]
[White "Zarnicki, Pablo"]
[Black "Llanos, Guillermo"]
[Result "1-0"]
[WhiteElo "2540"]
[BlackElo "2400"]

1.e4 c5 2.Nf3 d6 3.Bb5+ Nd7 4.d4 Nf6 5.O-O Nxe4 6.Qe2 d5 7.c4 Nd6 8.Nc3 cxd4
9.Nxd4 a6 10.Bxd7+ Bxd7 11.Bf4 e6 12.cxd5 Qf6 13.Be5 Qh6 14.dxe6 fxe6 15.Nd5 Rd8
16.Bf4 Qg6 17.Nf3 Qf5 18.Nc7+ Kf7 19.Ng5+ Kf6 20.Qf3 e5 21.Nd5+ Kg6 22.Rfe1 exf4
23.Nxf4+ Kf6 24.h4 Rc8 25.b3 h6 26.Nd5+ Kg6 27.Nf4+ Kf6 28.Nge6 Bc6 29.Qc3+ Kf7
30.Re5 Qf6 31.Rae1 Kg8 32.Qg3 Nf5 33.Qg4 Bd6 34.Rxf5 h5 35.Nxh5  1-0

[Event "Plzen opJ-A"]
[Site "Plzen"]
[Date "1996.??.??"]
[Round "8"]
[White "Rehak, Martin"]
[Black "Sluka, Radek"]
[Result "1/2-1/2"]
[WhiteElo "2215"]
[BlackElo "2350"]

1.e4 c5 2.Nf3 d6 3.Bb5+ Bd7 4.Bxd7+ Qxd7 5.d4 cxd4 6.Nxd4 Nf6 7.Nc3 g6 8.O-O Bg7
9.Nd5 Nc6 10.Nxc6 bxc6 11.Nxf6+ Bxf6 12.c4 O-O 13.Rb1 a5 14.b3 Qe6 15.Re1 a4
16.Bb2 axb3 17.axb3 Ra2 18.Bxf6 Qxf6 19.Qf3 Kg7 20.Qe3 Rfa8 21.e5 Qxe5 22.Qxe5+ dxe5
23.Rxe5 Rb2 24.Ree1 Raa2 25.Rxb2 Rxb2 26.g4 e6 27.Re3 g5 28.Re5 Kg6 29.Rc5 Rxb3
30.Rxc6 h5 31.gxh5+ Kxh5 32.Kg2 Kg4 33.c5 Kf4 34.h3 Rc3 35.Rc8 f5 36.c6 e5
37.c7 e4 38.Kh2 Rc2 39.Kg1 Rc1+ 40.Kg2 Rc2 41.Kg1 e3 42.fxe3+ Kf3 43.Rf8 Rc1+
44.Kh2 Rc2+ 45.Kh1 Rc1+ 46.Kh2  1/2-1/2

[Event "POL-chTJ"]
[Site "Poland"]
[Date "1996.??.??"]
[Round "?"]
[White "Jakubowski, Tomasz"]
[Black "Kopacz, Jaroslaw"]
[Result "1-0"]
[WhiteElo "2205"]
[BlackElo "2215"]

1.e4 c5 2.Nf3 d6 3.Bb5+ Nc6 4.O-O Bd7 5.Re1 g6 6.c3 Bg7 7.d4 cxd4 8.cxd4 Nf6
9.Nc3 O-O 10.h3 Na5 11.e5 Ne8 12.Bf1 dxe5 13.dxe5 Nc7 14.b4 Nc6 15.b5 Nb8
16.a4 Be6 17.Ba3 Nd7 18.Rc1 Bh6 19.Rb1 Re8 20.Nd4 Nb6 21.Nxe6 Nxe6 22.a5 Qc8
23.Bb4 Rd8 24.Qf3 Nd4 25.Qe4 Bd2 26.axb6 Bxc3 27.Rec1  1-0

[Event "POL-chTJ"]
[Site "Poland"]
[Date "1996.??.??"]
[Round "?"]
[White "Martowicz, Krzysztof"]
[Black "Kopacz, Jaroslaw"]
[Result "0-1"]
[WhiteElo "2100"]
[BlackElo "2215"]

1.e4 c5 2.Nf3 d6 3.Bb5+ Bd7 4.Bxd7+ Qxd7 5.c4 Nc6 6.O-O g6 7.d4 cxd4 8.Nxd4 Bg7
9.Be3 Nf6 10.f3 O-O 11.Nc3 Rfc8 12.b3 Qc7 13.Qd2 Qa5 14.Rac1 Nd7 15.Nde2 a6
16.Bh6 b5 17.Bxg7 Kxg7 18.cxb5 axb5 19.f4 Nf6 20.Ng3 b4 21.Na4 Qa7+ 22.Kh1 Qd4
23.Qe2 Ra5 24.Rc4 Qa7 25.Qb2 Qb7 26.Rfc1 Na7 27.Qd4 Rxc4 28.Rxc4 Nc6 29.Qb2 d5
30.Rc1 dxe4 31.Nxe4 Nd8 32.Nac5 Qd5 33.Nxf6 exf6 34.Na4 Ne6 35.Rf1 Nxf4 36.Qf2 g5
37.Kg1 Ra6 38.Qf3 Qd4+ 39.Qf2 Qd5 40.Qf3 Qd4+ 41.Qf2 Ne2+ 42.Kh1 Qxf2 43.Rxf2 Rd6
44.h3 Rd2 45.Kh2 Rxa2 46.Nc5 Nc3 47.Rxa2 Nxa2 48.Nd3 f5 49.Kg3 Kf6 50.Kf3 Ke6
51.Ke3 Kd5 52.g3 f6 53.h4 h5 54.Ne1 Nc1 55.hxg5 fxg5 56.Nf3 f4+ 57.gxf4 gxf4+
58.Kxf4 Nxb3 59.Ne1 Nc5 60.Nc2 Ne6+ 61.Ke3 Kc4 62.Kd2 h4 63.Nxb4 Kxb4 64.Ke3 Ng5
65.Kf4 h3 66.Kg3 Kc4 67.Kh2 Kd4 68.Kg3 Ke3 69.Kh2 Kf3 70.Kg1 Kg3 71.Kh1 Ne4  0-1

[Event "POL-chTJ"]
[Site "Poland"]
[Date "1996.??.??"]
[Round "?"]
[White "Lupkowski, Edward"]
[Black "Bialy, Rafal"]
[Result "1-0"]
[WhiteElo "2180"]
[BlackElo "2155"]

1.e4 c5 2.Nf3 d6 3.Bb5+ Nc6 4.O-O Bd7 5.Re1 Nf6 6.Nc3 e6 7.d4 cxd4 8.Nxd4 Qc7
9.Bg5 Be7 10.Bf1 a6 11.Qd2 O-O 12.Rad1 Rfd8 13.Re3 b5 14.a3 Nxd4 15.Qxd4 Bc6
16.Rg3 Kh8 17.Rh3 Qb7 18.Bd3 e5 19.Qe3 Bd7 20.Rh4 Be6 21.Nd5 Ng8 22.Bxe7 Nxe7
23.Qg5 Ng6 24.Rh5 Kg8 25.f4 h6 26.Qg3 Bxd5 27.exd5 exf4 28.Qg4 Qb6+ 29.Kh1 Qe3
30.Bxg6 fxg6 31.Qxg6 Re8 32.Rf1 Rf8 33.Rxh6 Rf6 34.Qh7+ Kf7 35.Rxf6+ Kxf6
36.Qh4+ g5 37.Qh6+ Kf5 38.Qh7+ Ke5 39.Qe7+ Kd4 40.c3+ Kd3 41.Qh7+ Kc4 42.b3+ Kxb3
43.Qb1+ Kc4 44.Qb4+ Kxd5 45.Rd1+ Kc6 46.Qxd6+ Kb7 47.Qd5+ Ka7 48.Qc6 Rd8
49.Qc7+  1-0

[Event "POL-ch"]
[Site "Poland"]
[Date "1996.??.??"]
[Round "8"]
[White "Pedzich, Dominik"]
[Black "Kempinski, Robert"]
[Result "1/2-1/2"]
[WhiteElo "2425"]
[BlackElo "2475"]

1.e4 c5 2.Nf3 d6 3.Bb5+ Nd7 4.d4 a6 5.Bxd7+ Bxd7 6.O-O cxd4 7.Qxd4 e5 8.Qd3 h6
9.c4 Nf6 10.Nc3 Be7 11.b3 O-O 12.Re1 Rc8 13.Bd2 Be6 14.Rad1 Nd7 15.Be3 Bg4
16.Nd5 Bxf3 17.gxf3 Bg5 18.Kh1 Nc5 19.Bxc5 dxc5 20.Rg1 Kh8 21.Qf1 Qd6 22.Rg3 Qe6
23.Qg2 f5 24.Rg1 fxe4 25.fxe4 Rf7 26.h4 Bxh4 27.Rg6 Qe8 28.Rxg7 Bg5 29.Rxg5 hxg5
30.Qh3+ Rh7 31.Qxh7+ Kxh7 32.Nf6+ Kg6 33.Nxe8 Rxe8 34.Rd1 Rf8 35.Kg2 Rf4
36.Rd7 b5 37.Rd6+ Kh5 38.Rd5 bxc4 39.Rxe5 cxb3 40.axb3 Kh4 41.Re6 g4 42.Rh6+ Kg5
43.Rxa6 Rxe4 44.Ra5 Kh4 45.Rxc5 Re2 46.Rb5 Rb2 47.Kf1 g3 48.fxg3+ Kxg3 49.Ke1 Kf3
50.Kd1 Ke4 51.Kc1 Rh2 52.Rc5 Kd4 53.Rc8 Kd5 54.Kb1 Rg2 55.Rd8+  1/2-1/2

[Event "Polanica Zdroj op"]
[Site "Polanica Zdroj"]
[Date "1996.??.??"]
[Round "3"]
[White "Miednikova, Swietlana"]
[Black "Michalski, Olaf"]
[Result "1/2-1/2"]
[WhiteElo "2150"]
[BlackElo "2305"]

1.e4 c5 2.Nf3 d6 3.Bb5+ Nc6 4.c3 Nf6 5.Qe2 Bd7 6.O-O a6 7.Ba4 e5 8.h3 Be7
9.Rd1 O-O 10.Bc2 Qc7 11.a4 h6 12.d4 cxd4 13.cxd4 exd4 14.Nxd4 Rfe8 15.Nc3 Bf8
16.Be3 Ne5 17.Bb3 Rac8 18.Rac1 Qa5 19.f3 Ng6 20.Qf2 Qh5 21.Qg3 Ne5 22.Bf4 Kh8
23.Nf5 Bxf5 24.exf5 Qxf5 25.Bxe5 Qxe5 26.Qxe5 Rxe5 27.Bxf7 Rec5 28.Rd3 R8c7
29.Ba2 Nh5 30.Re1 Nf4 31.Rd2 g5 32.Re8 Kg7 33.Nd5 Rc1+ 34.Kh2 R7c2 35.Nxf4 gxf4
36.Ree2 Rxd2 37.Rxd2 Be7 38.g4 Bh4 39.Bd5 b6 40.b3 Kf6 41.Bc4 Ke7  1/2-1/2

[Event "Polanica Zdroj op"]
[Site "Polanica Zdroj"]
[Date "1996.??.??"]
[Round "7"]
[White "Kozel, Roman"]
[Black "Michalski, Olaf"]
[Result "0-1"]
[WhiteElo "2365"]
[BlackElo "2305"]

1.e4 c5 2.Nf3 d6 3.Bb5+ Nc6 4.O-O Bd7 5.Re1 Nf6 6.h3 a6 7.Bf1 e5 8.c3 Be7
9.d4 h6 10.a4 O-O 11.Na3 cxd4 12.cxd4 exd4 13.Nxd4 Re8 14.Nf3 Bf8 15.Bc4 Be6
16.Bd3 Nd7 17.Be3 Nde5 18.Nd4 Nxd4 19.Bxd4 Nxd3 20.Qxd3 Rc8 21.Nc2 Qg5 22.Bc3 d5
23.Qe3 Qxe3 24.Rxe3 dxe4 25.Rxe4 Bf5 26.Rxe8 Rxe8 27.Ne3 Bd7 28.a5 Bc5 29.Rd1 Ba4
30.Re1 f6 31.Nf5 Rxe1+ 32.Bxe1 Kf7 33.Bc3 Bd7 34.Ne3 Ke6 35.Kf1 h5 36.Ke2 g6
37.h4 Bc6 38.g3 g5 39.f3 Bb5+ 40.Kd2 Bc6 41.Ke2 Bb5+ 42.Kd2 Bd6 43.Nc2 Bxg3
44.Nd4+ Kf7 45.Nxb5 gxh4 46.Nd4 h3 47.Ne2 Bf4+ 48.Nxf4 h2 49.Nxh5 h1=Q 50.Nxf6 Qxf3
51.Kc2 Ke6 52.Kb3 Kd6 53.Kc4 Qf4+ 54.Kd3 Kc6 55.Ne4 b6 56.axb6 Kxb6 57.Nd2 Kb5
58.Kc2 Qf5+ 59.Kc1 Qd3 60.Nb1 a5 61.Nd2 a4 62.Nb1 Kc6 63.Na3 Kc5 64.Nb1 Kc4
65.Nd2+ Kd5 66.Nb1 Ke4 67.Bd2 Qc4+ 68.Bc3 Qf1+ 69.Kc2 Qd3+ 70.Kc1 Ke3 71.Bd2+ Kf3
72.Nc3 Qc4 73.Kc2 Kg4 74.Kb1 Kf5 75.Ka1 Ke5 76.Nb1 Ke4 77.Bc3 Kd3 78.Na3 Qb3
79.Kb1 Ke2 80.Ka1 Kd1 81.Kb1 Qb7 82.Ka1 Kc1 83.Ka2 Qf7+ 84.Ka1 Qe6 85.Bh8 Kd2
86.Bc3+ Kd3 87.Kb1 Qg8 88.Ka1 Qg1+ 89.Ka2 Ke4 90.Nb1 Kd5 91.Na3 Kc5 92.Nb1 Qg8+
93.Ka1 Kc4 94.Nd2+ Kd3 95.Bb4 Kc2 96.Ba5 a3 97.bxa3 Qh8+  0-1

[Event "Polanica Zdroj op"]
[Site "Polanica Zdroj"]
[Date "1996.??.??"]
[Round "9"]
[White "Sobolewski, Mariusz"]
[Black "Perdek, Miroslaw"]
[Result "1/2-1/2"]
[WhiteElo "2110"]
[BlackElo "2325"]

1.e4 c5 2.Nf3 d6 3.Bb5+ Bd7 4.a4 Nc6 5.O-O Nf6 6.Re1 a6 7.Bf1 Bg4 8.d3 g6
9.h3 Bxf3 10.Qxf3 Bg7 11.c3 O-O 12.Na3 b5 13.axb5 axb5 14.Bd2 b4 15.Nc4 Nd7
16.Qg3 bxc3 17.bxc3 Na5 18.Nxa5 Rxa5 19.Qe3 Rxa1 20.Rxa1 Qb6 21.Qe1 Rb8 22.Qc1 Ne5
23.Be3 Nc6 24.Qd2 h5 25.Rd1 Qa5 26.d4 Qa3 27.dxc5 dxc5 28.Bc4 Rd8 29.Qe2 Bxc3
30.Rxd8+ Nxd8 31.Qd1 Bd4  1/2-1/2

[Event "Polanica Zdroj op"]
[Site "Polanica Zdroj"]
[Date "1996.??.??"]
[Round "10"]
[White "Raudive, Aivars"]
[Black "Gritsak, Orest"]
[Result "0-1"]
[WhiteElo "2365"]
[BlackElo "2410"]

1.e4 c5 2.Nf3 d6 3.Bb5+ Bd7 4.Bxd7+ Qxd7 5.c4 Nc6 6.Nc3 g6 7.d4 cxd4 8.Nxd4 Bg7
9.Be3 Nf6 10.f3 O-O 11.Nde2 Rfc8 12.O-O Qd8 13.b3 Qa5 14.Qd2 a6 15.a4 Rab8
16.Rab1 Qb4 17.Rfe1 e6 18.Red1 Ne8 19.Rdc1 Nc7 20.Rc2 Rd8 21.Qc1 d5 22.c5 Qa5
23.Na2 Ne8 24.b4 Qc7 25.exd5 exd5 26.b5 axb5 27.axb5 Ne5 28.Bf4 d4 29.b6 Qd7
30.Rd2 d3 31.Ng3 Rbc8 32.Rb3 Nd6 33.Rb4 Ndc4 34.Rxc4 Nxc4 35.Qxc4 Qe7  0-1

[Event "POR-CHN m"]
[Site "?"]
[Date "1996.??.??"]
[Round "3"]
[White "Zhang Zhong"]
[Black "Silva, Fernando"]
[Result "0-1"]
[WhiteElo "2430"]
[BlackElo "2365"]

1.e4 c5 2.Nf3 d6 3.Bb5+ Bd7 4.Bxd7+ Nxd7 5.O-O Ngf6 6.Qe2 e6 7.b3 Be7 8.Bb2 O-O
9.c4 a6 10.Nc3 Ne5 11.Rae1 Nxf3+ 12.Qxf3 b5 13.d3 Nd7 14.Re2 Ne5 15.Qh3 Nc6
16.f4 Bf6 17.e5 dxe5 18.Ne4 Nd4 19.Nxf6+ Qxf6 20.Re4 exf4 21.Kh1 e5 22.Bxd4 cxd4
23.Qh5 bxc4 24.bxc4 Rfe8 25.Rfe1 Rab8 26.h4 g6 27.Qg5 Kg7 28.Rxe5 Qxg5 29.hxg5 Rxe5
30.Rxe5 Rb1+ 31.Kh2 Rd1 32.Re4 Rxd3 33.Rxf4 Rd2 34.Kg3 d3 35.Rd4 a5 36.Kf3 a4
37.a3 Rc2 38.Ke4 Rxg2 39.Rxd3 Rxg5 40.Rc3 Rc5 41.Kd4 Rc8 42.c5 h5 43.Ke5 h4
44.c6 g5 45.Kd6 g4 46.Rc5 Kg6 47.Kd7 Rh8 48.c7 h3 49.Rc2 f5 50.Re2 Ra8 51.Re6+ Kg5
52.Re8 Ra7 53.Rg8+ Kf4 54.Rh8 Kg3 55.Kd6 Rxc7 56.Kxc7 f4  0-1

[Event "Porto San Giorgio op"]
[Site "Porto San Giorgio"]
[Date "1996.??.??"]
[Round "?"]
[White "Schweiger, Georg"]
[Black "Stoll, Thomas"]
[Result "0-1"]
[WhiteElo "2245"]
[BlackElo "2215"]

1.e4 c5 2.Nf3 d6 3.Bb5+ Nc6 4.O-O Nf6 5.e5 Nd5 6.Bxc6+ bxc6 7.b3 Bg4 8.Bb2 dxe5
9.Bxe5 f6 10.Bb2 e5 11.d3 Be7 12.Nbd2 O-O 13.a4 g5 14.a5 Rb8 15.Ra4 Rb4 16.Qa1 Qd7
17.c3 Rxa4 18.Qxa4 Nf4 19.d4 e4 20.Nxe4 Bxf3 21.Qc4+ Kh8 22.Ng3 Qh3  0-1

[Event "Portoroz"]
[Site "Portoroz"]
[Date "1996.??.??"]
[Round "?"]
[White "Grosar, Aljosa"]
[Black "Tukmakov, Vladimir B"]
[Result "1/2-1/2"]
[WhiteElo "2470"]
[BlackElo "2595"]

1.e4 c5 2.Nf3 d6 3.Bb5+ Bd7 4.Bxd7+ Nxd7 5.O-O Ngf6 6.Qe2 e6 7.b3 Be7 8.Bb2 O-O
9.c4 a6 10.d4 cxd4 11.Nxd4 Qa5 12.Nc3 Rfc8 13.Rac1 Rab8 14.Kh1 Bd8 15.f4 Qh5
16.Nf3 Bc7 17.h3 Qa5 18.Nd4 Qh5 19.Nf3 Qa5 20.Nd4 Qh5  1/2-1/2

[Event "Portoroz"]
[Site "Portoroz"]
[Date "1996.??.??"]
[Round "?"]
[White "Golubovic, Boris"]
[Black "Tukmakov, Vladimir B"]
[Result "0-1"]
[WhiteElo "2385"]
[BlackElo "2595"]

1.e4 c5 2.Nf3 d6 3.Bb5+ Nd7 4.d4 Nf6 5.Nc3 cxd4 6.Qxd4 e5 7.Qd3 h6 8.Nd2 Be7
9.Nc4 O-O 10.Bxd7 Qxd7 11.O-O Qc6 12.Ne3 Be6 13.Ncd5 Bxd5 14.exd5 Qd7 15.c4 g6
16.h3 Nh5 17.Ng4 f5 18.Bxh6 Rf7 19.Rae1 e4 20.Qd1 fxg4 21.hxg4 Nf6 22.g5 Nh7
23.Rxe4 Bxg5 24.Bxg5 Nxg5 25.Re3 Re8 26.Rg3 Qf5 27.Qg4 Qxg4 28.Rxg4 Rf5 29.f4 Ne4
30.Rxg6+ Kf7 31.Rh6 Nf6 32.Rh4 Re4 33.b3 b5 34.cxb5 Rxd5 35.g4 Rxb5 36.g5 Ne8
37.Kf2 Ng7 38.Kf3 Rbb4 39.Kg4 Ne6 40.Rh7+ Kg8 41.Rxa7 Nxf4 42.Kf5 Re5+ 43.Kf6 Nd5+
44.Kg6 Ne7+ 45.Kh5 Ree4 46.Rh1 Kg7 47.Ra8 Rb7 48.Rh4 Rxh4+ 49.Kxh4 Kg6 50.Ra4 Nf5+
51.Kg4 Rh7 52.Kf4 Rh2 53.Ke4 Rd2 54.Kf4 Rf2+ 55.Ke4 Kxg5 56.Ra8 Kf6 57.Kd5 Rd2+
58.Kc6 Rc2+ 59.Kb6 Ne7 60.Rf8+ Ke6 61.a4 Nd5+ 62.Ka5 Rc5+ 63.Ka6 Kd7 64.Rb8 Nc7+
65.Kb6 Rc6+ 66.Kb7 d5 67.Rh8 Ne6 68.Rh7+ Kd6 69.Rh6 Rc3 70.b4 Rc4 71.b5 Rxa4
72.b6 d4 73.Rh3 Nc5+ 74.Kb8 Rb4 75.Rh6+ Kd5 76.Rh5+ Kc4 77.Kc7 d3 78.Rh4+ Kc3
79.Rh3 Kc2 80.Kc6 Na6 81.Kb7 Nc5+ 82.Kc6 Nd7 83.b7 d2 84.Rh2 Kc1  0-1

[Event "Pula op"]
[Site "Pula"]
[Date "1996.??.??"]
[Round "?"]
[White "Kristovic, Marijan"]
[Black "Radocaj, Denis"]
[Result "1/2-1/2"]
[WhiteElo "2255"]
[BlackElo "2330"]

1.e4 c5 2.Nf3 d6 3.Bb5+ Bd7 4.Bxd7+ Nxd7 5.O-O Ngf6 6.Re1 e6 7.c3 Be7 8.Na3 O-O
9.b3 Rc8 10.Bb2 Ne5 11.d3 a6 12.c4 Nfd7 13.Nc2 Bf6 14.d4 cxd4 15.Bxd4 Nxf3+
16.Qxf3 b5 17.Bxf6 Qxf6 18.Qxf6 Nxf6 19.Na3 bxc4 20.Nxc4 Nxe4 21.Rxe4 d5
22.Rd4 dxc4 23.bxc4 e5 24.Rd6 Rxc4 25.Rxa6 Rd8 26.Kf1 Rc2 27.a4 h6 28.Kg1 Ra2
29.Rf1 Rd4 30.Ra8+ Kh7 31.a5 Rda4 32.g3 Rxa5 33.Rxa5 Rxa5 34.Kg2 e4 35.Re1 f5
36.h4 Ra2 37.h5 g6 38.hxg6+ Kxg6 39.g4 Kg5 40.gxf5 Kxf5 41.Re3 Rd2 42.Rh3 Kg5
43.Rg3+ Kf4 44.Rh3 Rd6 45.Rh4+ Ke5 46.f3 Rg6+ 47.Kf2 exf3 48.Kxf3 Kf5 49.Rh5+ Kf6
50.Rh4 Kg7 51.Rg4 Rg5  1/2-1/2

[Event "CRO-Cup"]
[Site "Pula"]
[Date "1996.??.??"]
[Round "?"]
[White "Grosar, Aljosa"]
[Black "Lalic, Bogdan"]
[Result "1/2-1/2"]
[WhiteElo "2470"]
[BlackElo "2575"]

1.e4 c5 2.Nf3 d6 3.Bb5+ Nd7 4.d4 Nf6 5.Nc3 cxd4 6.Qxd4 e5 7.Qd3 Be7 8.Be3 O-O
9.Bc4 a6 10.Bb3 Qc7 11.O-O Nc5  1/2-1/2

[Event "CRO-Cup"]
[Site "Pula"]
[Date "1996.??.??"]
[Round "?"]
[White "Golubovic, Boris"]
[Black "Kovacevic, Veljko"]
[Result "1/2-1/2"]
[WhiteElo "2385"]
[BlackElo "2365"]

1.e4 c5 2.Nf3 d6 3.Bb5+ Nd7 4.d4 cxd4 5.Qxd4 a6 6.Bxd7+ Bxd7 7.Nc3 Nf6 8.Bg5 Qa5
9.e5 dxe5 10.Nxe5 Be6 11.O-O-O Rd8 12.Qxd8+ Qxd8 13.Rxd8+ Kxd8 14.Rd1+ Ke8
15.Be3 Nd7 16.Nd5 Bxd5 17.Rxd5 Nxe5 18.Rxe5  1/2-1/2

[Event "Pula op"]
[Site "Pula"]
[Date "1996.??.??"]
[Round "?"]
[White "Golubovic, Boris"]
[Black "Kutuzovic, Branko"]
[Result "1-0"]
[WhiteElo "2385"]
[BlackElo "2405"]

1.e4 c5 2.Nf3 d6 3.Bb5+ Nc6 4.O-O Bd7 5.c3 Nf6 6.Re1 a6 7.Ba4 c4 8.h3 g6
9.Bc2 Bg7 10.b3 cxb3 11.axb3 O-O 12.d4 Rc8 13.Nbd2 Na7 14.Bb2 Nh5 15.Bd3 Bb5
16.Nf1 Bxd3 17.Qxd3 Nf6 18.N1d2 Nc6 19.d5 Nb8 20.c4 a5 21.Bc3 Rc5 22.e5 dxe5
23.Nxe5 Na6 24.Ndf3 Ne8 25.Qd2 Nb4 26.Bxb4 axb4 27.Qxb4 Rc7 28.Ra7 Qd6 29.Rxb7  1-0

[Event "Quebec-ch"]
[Site "Quebec"]
[Date "1996.??.??"]
[Round "6"]
[White "O'Donnell, Tom"]
[Black "Girard, Robin"]
[Result "1/2-1/2"]
[WhiteElo "2365"]
[BlackElo "2215"]

1.e4 c5 2.Nf3 d6 3.Bb5+ Bd7 4.Bxd7+ Nxd7 5.O-O Ngf6 6.Qe2 e6 7.b3 Be7 8.Bb2 Qc7
9.c4 O-O 10.Nc3 a6 11.d4 cxd4 12.Nxd4 Rfe8 13.Rae1 Bf8 14.Kh1 b6 15.f3 Qb7
16.Qd2 Nc5 17.Rd1  1/2-1/2

[Event "Regensburg op"]
[Site "Regensburg"]
[Date "1996.??.??"]
[Round "4"]
[White "Velicka, Petr"]
[Black "Werner, Isabel"]
[Result "0-1"]
[WhiteElo "2420"]
[BlackElo "2145"]

1.e4 c5 2.Nf3 d6 3.Bb5+ Bd7 4.Bxd7+ Qxd7 5.c4 e5 6.Nc3 Nc6 7.d3 g6 8.Nd5 Bg7
9.Rb1 Nge7 10.Bh6 O-O 11.Bd2 f5 12.O-O Nxd5 13.cxd5 Nd4 14.Nxd4 exd4 15.f3 Rac8
16.a4 b6 17.Rc1 a6 18.b3 Rf7 19.Qc2 Qe8 20.Rce1 Qf8 21.Qc4 Ra8 22.b4 Rb7
23.b5 Rba7 24.Ra1 Qe8 25.Rfb1 fxe4 26.fxe4 h5 27.bxa6 Rxa6 28.Rb5 Kh7 29.Qb3 Qd8
30.Bf4 Bh6 31.Bxh6 Kxh6 32.h3 R8a7 33.Qc2 Ra8 34.Qc1+ Kg7 35.Rab1 R8a7 36.Qf4 Rf7
37.Qg3 Qc7 38.Kh2 Kh7 39.Qg5 Kg7 40.R1b2 Kh7 41.Qc1 Qa7 42.Qc2 Kg7 43.Qd1 Rxa4
44.Rxb6 Ra1 45.Qe2 Qe7 46.Rb1 Qe5+ 47.Kg1 Rxb1+ 48.Rxb1 Qf4 49.Re1 Kh7 50.e5 dxe5
51.Qxe5 Qxe5 52.Rxe5 Rd7 53.g4 hxg4 54.hxg4 Kg7 55.g5 Kf7 56.Kf2 Re7 57.Rxe7+ Kxe7
58.Kf3 Kd7 59.Ke4 Kd6  0-1

[Event "ISL-ISR"]
[Site "Reykjavik"]
[Date "1996.??.??"]
[Round "1"]
[White "Yudasin, Leonid"]
[Black "Petursson, Margeir"]
[Result "1/2-1/2"]
[WhiteElo "2635"]
[BlackElo "2585"]

1.e4 c5 2.Nf3 d6 3.Bb5+ Bd7 4.Bxd7+ Qxd7 5.O-O Nc6 6.b3 Nf6 7.Re1 g6 8.c3 Ne5
9.d4 Nxf3+ 10.Qxf3 cxd4 11.cxd4 Qg4 12.Qd3 Bg7 13.Nc3 O-O 14.f3 Qd7 15.Bb2 Rfc8
16.Rad1 Rd8 17.f4 Rac8 18.h3 a6 19.Qf3 b5 20.e5 Ne8 21.Re2 dxe5 22.fxe5 Nc7
23.d5 b4 24.Na4 Nxd5 25.Rf2 e6 26.Nb6 Nxb6 27.Rxd7 Rxd7 28.h4 Nd5 29.Qd3 Rc6
30.Rc2 Rxc2 31.Qxc2  1/2-1/2

[Event "Rieden op"]
[Site "Rieden"]
[Date "1996.??.??"]
[Round "?"]
[White "Schmidt, G."]
[Black "Reich, Thomas"]
[Result "1/2-1/2"]
[WhiteElo "2195"]
[BlackElo "2365"]

1.e4 c5 2.Nf3 d6 3.Bb5+ Nd7 4.c4 Nf6 5.Nc3 g6 6.d4 cxd4 7.Nxd4 Bg7 8.Be3 O-O
9.Bxd7 Qxd7 10.f3 b6 11.Qd2 Rd8 12.O-O Bb7 13.Rac1 Rab8 14.Nd5 e6 15.Nxf6+ Bxf6
16.Bg5 Bxg5 17.Qxg5 a6 18.Qd2 e5 19.Ne2 Qe6 20.a4 b5 21.axb5 axb5 22.cxb5 d5
23.exd5 Rxd5 24.Qe3 Rxb5 25.Rc5 Rxc5 26.Qxc5 Ba6 27.Re1 Rb5 28.Qc7 Rxb2 29.Nd4 Qa2
30.Qd8+ Kg7 31.Nf5+ gxf5 32.Qg5+ Kf8 33.Qd8+  1/2-1/2

[Event "EU-ch U18 Girls"]
[Site "Rimavska Sobota"]
[Date "1996.??.??"]
[Round "3"]
[White "Izdebska, Maja"]
[Black "Blazkova, Petra"]
[Result "0-1"]
[WhiteElo "2065"]
[BlackElo "2215"]

1.e4 c5 2.Nf3 d6 3.Bb5+ Bd7 4.Bxd7+ Qxd7 5.c4 Nc6 6.d4 Qg4 7.O-O Nxd4 8.Nxd4 Qxd1
9.Rxd1 cxd4 10.Rxd4 Rc8 11.Na3 Nf6 12.f3 Nd7 13.Be3 Ne5 14.Rc1 Nc6 15.Rd2 b6
16.Nb5 g6 17.Nd4 Nxd4 18.Bxd4 Bh6 19.Rdc2 Bxc1 20.Rxc1 O-O 21.a4 f5 22.e5 dxe5
23.Bxe5 Rfd8 24.Rc2 Rd1+ 25.Kf2 Ra1 26.b3 Rb1 27.Rb2 Rd1 28.Ke2 Rg1 29.Kf2 Rd1
30.Ke2 Rcd8 31.a5 bxa5 32.Bc7 R8d7 33.Bxa5 R7d6 34.Rc2 Re6+ 35.Kf2 Kf7 36.c5 Rc6
37.b4 Rd5 38.Ke3 e5 39.Rd2 Rxd2 40.Kxd2 Ke6 41.Kc3 Kd5 42.Bd8 Re6 43.Bg5 e4
44.fxe4+ Rxe4  0-1

[Event "EU-ch U18"]
[Site "Rimavska Sobota"]
[Date "1996.??.??"]
[Round "6"]
[White "Starostits, Ilmas"]
[Black "Grigore, Nicolae Petre"]
[Result "1-0"]
[WhiteElo "2210"]
[BlackElo "2295"]

1.e4 c5 2.Nf3 d6 3.Bb5+ Nd7 4.d4 Nf6 5.Nc3 a6 6.Be2 e6 7.O-O Qc7 8.d5 e5
9.a4 Be7 10.Nd2 b6 11.Nc4 Rb8 12.f4 O-O 13.fxe5 Nxe5 14.Nxe5 dxe5 15.Rf3 Ne8
16.Qf1 Ra8 17.Qf2 Nd6 18.Qg3 f6 19.Bh6 Rf7 20.Rf2 Kh8 21.Be3 Rb8 22.Bh5 g6
23.Bf3 Bf8 24.h4 Bg7 25.h5 g5 26.Bg4 Bxg4 27.Qxg4 h6 28.Raf1 Qc8 29.Qxc8+ Rxc8
30.Re2 Bf8 31.Bc1 Kg7 32.Nd1 Rb7 33.Ne3 Be7 34.b3 Bd8 35.Bb2 b5 36.axb5 axb5
37.Nf5+ Nxf5 38.Rxf5 Be7 39.Rd2 Bd6 40.Rf3 Ra7 41.c4 Rb8 42.Rdf2 Be7 43.Kh2 Bd8
44.b4 Rc8 45.Rc2 bxc4 46.Rxc4 Rb8 47.Bc3 cxb4 48.Bxb4 Ra2 49.Kg3 Kf7 50.Bc3 g4
51.Rf2 Rxf2 52.Kxf2 Rb3 53.Ke2 Ra3 54.Bd2 Bb6 55.Rb4 Ra6 56.Bxh6 f5 57.exf5 Bc5
58.Rb7+ Kf6 59.Rc7 Bd4 60.Rc6+ Rxc6 61.dxc6 Bb6 62.Be3 Bc7 63.h6 Kf7 64.Kd3  1-0